Case Book on the Law of Delict / (Record no. 414)
[ view plain ]
| 000 -LEADER | |
|---|---|
| fixed length control field | 00618nam a22001817a 4500 |
| 005 - DATE AND TIME OF INPUT | |
| control field | 20231108100429.0 |
| 008 - DATA ELEMENTS--GENERAL INFORMATION | |
| fixed length control field | 231108b |||||||| |||| 00| 0 eng d |
| 022 ## - INTERNATIONAL STANDARD SERIAL NUMBER | |
| Source | 0702125938 |
| 041 ## - LANGUAGE CODE | |
| Language code of text | English / Afrikaans |
| 082 ## - SHELF NUMBER | |
| DDC number | 345.3 NEE |
| 100 ## - MAIN AUTHOR | |
| Main author's name | Neethling, J ; Potgieter, JM and Scott, TJ |
| Language of a work | English / Afrikaans |
| 245 ## - TITLE STATEMENT | |
| Title | Case Book on the Law of Delict / |
| Statement of responsibility, etc. | J Neethling, JM Potgieter and TJ Scott |
| 250 ## - EDITION STATEMENT | |
| Edition statement | First Edition |
| 260 ## - PUBLICATION, DISTRIBUTION, ETC. | |
| Place of publication, distribution, etc. | Cape Town : |
| Name of publisher, distributor, etc. | Juta and Company Ltd, |
| Date of publication, distribution, etc. | 1991 |
| 300 ## - PHYSICAL DESCRIPTION | |
| Other physical details | xv, 765 pages ; |
| Dimensions | 25,5 cm. |
| 650 ## - SUBJECT` | |
| Broad subject | Legal practice |
| Own subject terms | Law |
| 942 ## - ADDED ENTRY ELEMENTS (KOHA) | |
| Item type | Books |
| 942 ## - ADDED ENTRY ELEMENTS (KOHA) | |
| -- | ALISON_BN_VRIES |
| Source of classification or shelving scheme | Not for loan | Collection code | Home library | Current library | Shelving location | Date acquired | Full call number | Barcode | Price effective from | Koha item type |
|---|---|---|---|---|---|---|---|---|---|---|
| Dewey Decimal Classification | TEXT BOOKS | LAW SOCIETY OF NAMIBIA LIBRARY - WINDHOEK | LAW SOCIETY OF NAMIBIA LIBRARY - WINDHOEK | Damage law | 11/08/2023 | 345.3 NEE | LSN/1993/59 | 11/08/2023 | Books |
